Cryptanalysis of number theoretic ciphers / (Record no. 28944)

000 -LEADER
fixed length control field 00625 a2200181 4500
020 ## - INTERNATIONAL STANDARD BOOK NUMBER
International Standard Book Number 1584881534
020 ## - INTERNATIONAL STANDARD BOOK NUMBER
International Standard Book Number 9781584881537
082 04 - DEWEY DECIMAL CLASSIFICATION NUMBER
Classification number 005.8
090 ## - LOCALLY ASSIGNED LC-TYPE CALL NUMBER (OCLC); LOCAL CALL NUMBER (RLIN)
-- 309
-- 309
100 1# - MAIN ENTRY--PERSONAL NAME
Personal name Jr., Samuel S. Wagstaff
245 10 - TITLE STATEMENT
Title Cryptanalysis of number theoretic ciphers /
Statement of responsibility, etc. Samuel S. Wagstaff Jr.
260 ## - PUBLICATION, DISTRIBUTION, ETC.
Place of publication, distribution, etc. [S.l.] :
Name of publisher, distributor, etc. Chapman and Hall/CRC,
Date of publication, distribution, etc. 2002.
300 ## - PHYSICAL DESCRIPTION
Extent 336 p. ;
Dimensions 24 cm.
490 1# - SERIES STATEMENT
Series statement Computational mathematics.
830 #0 - SERIES ADDED ENTRY--UNIFORM TITLE
Uniform title Computational mathematics.
942 ## - ADDED ENTRY ELEMENTS (KOHA)
Institution code [OBSOLETE] SNS
Koha item type Book
Call number prefix 005.8 WAG
Holdings
Withdrawn status Lost status Damaged status Not for loan Permanent Location Current Location Date acquired Total Checkouts Full call number Barcode Date last seen Price effective from Koha item type
        School of Natural Sciences (SNS) School of Natural Sciences (SNS) 05/26/2016   005.8 WAG SNS0000219 05/26/2016 05/26/2016 Book
© 2023 Central Library, National University of Sciences and Technology. All Rights Reserved.